1388 1394 1099 1899 1575 1044 1225 1065 1434 1910 1733 1936 1811 1082 1293 1478 1138 1510 1618 1932 1059 1265 1237 1258 1050 1200 1417 1952 1378 1850 1241 1352 1199 1617 1271 1010 1524 1616 1606 1432 1040 1440 1768 1685 1425 1818 1863 1046 1032 1880 1212 1634 1165 1497 1123 1427 1561 1622 1259 1475 1842 1351 1463 1767 1061 1800 1537 1010 1684 1473 1437 1972 1769 1327 1901 1712 1095 1446 1461 1054 1859 1797 1288 1097 1315 1781 1471 1751 1346 1267 1881 1988 1043 1535 1647 1027 1444 1902 1632 BCNSPRNW ULIB Ver.6.0+V

เปลี่ยนเป็นภาษาไทย

Change to English
 แสดงรายละเอียดบรรณานุกรม
  กลับหน้าหลัก

Brief Record : Get Marc (ISO 2709) : E-mail record : QR code < ปิดหน้าต่าง
LEADER : 00000nam 2200000uu 4500
001    13399127306
003     ULIB
008    200409s2562||||th 000 0 tha d
020    ^a9789745337466
060  4 ^aWY150^bศ159ก
100 0  ^aศรัญญา จุฬารี
245 00 ^aการพยาบาลผู้ใหญ่ /^cศรัญญา จุฬารี
250    ^aพิมพ์ครั้งที่ 2
260    ^aนครราชสีมา:^bมหาวิทยาลัยเทคโนโลยีสุรนารี,^c2562
300    ^a232 หน้า:^bภาพประกอบ,ตาราง
650  7 ^aการพยาบาล
650  7 ^aพยาบาลกับผู้ป่วย
945    ^p235^l0^i28095
945    ^p235^l0^i28096
945    ^p235^l0^i28097
999    ^aกัณชพร จุลอักษร
รายการนี้ยังไม่มีแท็ก
คุณยังไม่ได้ล็อกอิน คุณสามารถมีกิจกรรมร่วมกับเว็บไซต์ได้ แต่ต้องล็อกอินก่อน ::
  ล็อกอิน

รายการสื่อสารสนเทศ

ลำดับที่ ประเภท เลขเรียก/บาร์โค้ด สถานที่ สถานะ
1. หนังสือสำรอง
หนังสือสำรอง
WY150 ศ159ก ฉ.1 
  Barcode: 28095
ห้องสมุดวิทยาเขตนครสวรรค์
►หนังสือทั่วไป:l:General Books
บนชั้น
2. วิทยาศาสตร์การแพทย์ และสุขภาพ
วิทยาศาสตร์การแพทย์ และสุขภาพ
WY150 ศ159ก ฉ.2 
  Barcode: 28096
ห้องสมุดวิทยาเขตนครสวรรค์
►หนังสือทั่วไป:l:General Books
บนชั้น
3. วิทยาศาสตร์การแพทย์ และสุขภาพ
วิทยาศาสตร์การแพทย์ และสุขภาพ
WY150 ศ159ก ฉ.3 
  Barcode: 28097
ห้องสมุดวิทยาเขตนครสวรรค์
►หนังสือทั่วไป:l:General Books
บนชั้น

รายการใกล้เคียง
    หัวเรื่อง [การพยาบาล]
    หัวเรื่อง [พยาบาลกับผู้ป่วย]

BibComment


ยังไม่เคยถูกคอมเมนท์

คอมเมนท์ทรัพยากรรายการนี้
  คอมเมนท์: การพยาบาลผู้ใหญ่..


 Copyright 2026. Bcnsprnw @Library